[Event "Girls U12 Polish Youth Championship"]
[Site "chess24.com"]
[Date "2018.04.30"]
[Round "2"]
[White "Mroz, Lena"]
[Black "Bukala, Weronika"]
[Result "1-0"]
[Board "6"]
[WhiteElo "1501"]
[WhiteCountry "POL"]
[WhiteFideId "21830916"]
[WhiteEloChange "4"]
[BlackElo "1255"]
[BlackCountry "POL"]
[BlackFideId "21859515"]
[BlackEloChange "-4"]

1. e4 {[%clk 1:30:57]} c5 {[%clk 1:30:09]} 2. Nf3 {[%clk 1:31:02]} Nc6 {[%clk
1:30:00]} 3. d4 {[%clk 1:31:09]} cxd4 {[%clk 1:29:21]} 4. Nxd4 {[%clk 1:31:29]}
Nf6 {[%clk 1:28:23]} 5. Nc3 {[%clk 1:31:32]} e5 {[%clk 1:27:57]} 6. Ndb5 {[%clk
1:30:46]} Bb4 {[%clk 1:27:10]} 7. a3 {[%clk 1:30:10]} Bxc3+ {[%clk 1:26:45]} 8.
Nxc3 {[%clk 1:30:25]} d6 {[%clk 1:25:48]} 9. Bc4 {[%clk 1:21:24]} Be6 {[%clk
1:21:33]} 10. Ba2 {[%clk 1:16:17]} Rc8 {[%clk 1:16:17]} 11. O-O {[%clk 1:13:55]}
Bxa2 {[%clk 1:02:25]} 12. Rxa2 {[%clk 1:14:02]} Ne7 {[%clk 0:56:53]} 13. Bg5
{[%clk 1:11:48]} h6 {[%clk 0:54:38]} 14. Bxf6 {[%clk 1:09:00]} gxf6 {[%clk
0:52:52]} 15. Qf3 {[%clk 1:08:01]} Ng8 {[%clk 0:49:53]} 16. Rd1 {[%clk 1:07:35]}
Qd7 {[%clk 0:47:28]} 17. Raa1 {[%clk 1:05:42]} a6 {[%clk 0:44:50]} 18. Rd2 {[%clk
1:05:14]} Rc6 {[%clk 0:43:54]} 19. Rad1 {[%clk 1:04:23]} h5 {[%clk 0:41:48]} 20.
Nd5 {[%clk 1:03:53]} Rh6 {[%clk 0:38:26]} 21. h3 {[%clk 0:59:42]} Kf8 {[%clk
0:34:27]} 22. Qe3 {[%clk 0:55:04]} f5 {[%clk 0:31:06]} 23. exf5 {[%clk 0:52:24]}
Qxf5 {[%clk 0:29:01]} 24. Nb4 {[%clk 0:51:53]} Rc8 {[%clk 0:26:49]} 25. Rxd6
{[%clk 0:50:16]} Rxd6 {[%clk 0:25:50]} 26. Rxd6 {[%clk 0:50:37]} a5 {[%clk
0:24:59]} 27. Nd3 {[%clk 0:49:45]} Rxc2 {[%clk 0:23:50]} 28. Rd8+ {[%clk
0:49:33]} Kg7 {[%clk 0:23:59]} 29. Qg3+ {[%clk 0:49:15]} Qg6 {[%clk 0:23:14]} 30.
Qxe5+ {[%clk 0:48:28]} Kh7 {[%clk 0:22:41]} 31. Nf4 {[%clk 0:47:18]} Qh6 {[%clk
0:18:57]} 32. Qf5+ {[%clk 0:45:51]} Kh8 {[%clk 0:18:08]} 33. Qxc2 {[%clk
0:46:02]} Qxf4 {[%clk 0:18:18]} 34. Rd5 {[%clk 0:42:37]} Qh6 {[%clk 0:16:25]} 35.
Rxa5 {[%clk 0:42:21]} Kg7 {[%clk 0:15:42]} 36. Qc3+ {[%clk 0:42:07]} Nf6 {[%clk
0:14:05]} 37. Rf5 {[%clk 0:41:02]} b6 {[%clk 0:13:35]} 38. a4 {[%clk 0:40:58]}
Qg6 {[%clk 0:13:15]} 39. Qe5 {[%clk 0:41:09]} Qh6 {[%clk 0:13:02]} 40. Kh2 {[%clk
0:41:20]} h4 {[%clk 0:12:53]} 41. b4 {[%clk 0:41:31]} b5 {[%clk 0:12:48]} 42.
axb5 {[%clk 0:41:55]} Qg6 {[%clk 0:12:59]} 43. Rg5 {[%clk 0:42:20]} Kh7 {[%clk
0:13:02]} 44. Rxg6 {[%clk 0:42:36]} Kxg6 {[%clk 0:13:18]} 45. b6 {[%clk 0:42:59]}
Kg7 {[%clk 0:13:32]} 46. Qg5+ {[%clk 0:43:14]} Kf8 {[%clk 0:13:48]} 47. Qxf6
{[%clk 0:43:37]} Ke8 {[%clk 0:14:07]} 48. b7 {[%clk 0:43:53]} Kd7 {[%clk
0:14:14]} 49. Qxf7+ {[%clk 0:44:17]} Kc6 {[%clk 0:14:22]} 50. b5+ {[%clk
0:44:24]} Kxb5 {[%clk 0:14:30]} 51. b8Q+ {[%clk 0:44:32]} Kc5 {[%clk 0:14:50]}
52. Qe5+ {[%clk 0:44:53]} Kb4 {[%clk 0:15:06]} 53. Qff4+ {[%clk 0:45:17]} Kb3
{[%clk 0:15:15]} 54. Qee3+ {[%clk 0:45:40]} Kb2 {[%clk 0:15:24]} 55. Qb4+ {[%clk
0:46:06]} Kc2 {[%clk 0:15:25]} 56. Qbd2+ {[%clk 0:46:31]} Kb1 {[%clk 0:15:40]}
57. Qee1# {[%clk 0:46:59]} 1-0

[Event "Girls U12 Polish Youth Championship"]
[Site "chess24.com"]
[Date "2018.04.30"]
[Round "2"]
[White "Kucharska, Helena"]
[Black "Scisla, Oliwia"]
[Result "0-1"]
[Board "7"]
[WhiteElo "1247"]
[WhiteCountry "POL"]
[WhiteFideId "1195760"]
[WhiteEloChange "-4"]
[BlackElo "1469"]
[BlackCountry "POL"]
[BlackFideId "21820465"]
[BlackEloChange "4"]

1. e4 {[%clk 1:30:49]} c5 {[%clk 1:30:39]} 2. Nf3 {[%clk 1:31:03]} Nc6 {[%clk
1:30:50]} 3. d4 {[%clk 1:30:51]} cxd4 {[%clk 1:30:49]} 4. Nxd4 {[%clk 1:30:35]}
g6 {[%clk 1:30:38]} 5. Be2 {[%clk 1:30:40]} Bg7 {[%clk 1:30:28]} 6. Nb3 {[%clk
1:30:38]} Nf6 {[%clk 1:29:56]} 7. Nc3 {[%clk 1:30:51]} O-O {[%clk 1:29:33]} 8.
O-O {[%clk 1:30:36]} d6 {[%clk 1:28:55]} 9. Bg5 {[%clk 1:29:56]} Be6 {[%clk
1:26:54]} 10. Re1 {[%clk 1:28:36]} a5 {[%clk 1:25:35]} 11. a4 {[%clk 1:28:48]}
Qc8 {[%clk 1:14:51]} 12. Bf1 {[%clk 1:28:23]} Rd8 {[%clk 1:13:43]} 13. Nd5 {[%clk
1:23:19]} Bxd5 {[%clk 1:08:50]} 14. exd5 {[%clk 1:20:50]} Nb4 {[%clk 1:08:47]}
15. c4 {[%clk 1:19:02]} Re8 {[%clk 1:07:24]} 16. Nd4 {[%clk 1:15:54]} Qg4 {[%clk
1:01:46]} 17. Nf3 {[%clk 1:03:28]} h6 {[%clk 1:00:04]} 18. h3 {[%clk 0:56:15]}
Qf5 {[%clk 1:00:03]} 19. Bxf6 {[%clk 0:49:21]} Bxf6 {[%clk 0:59:52]} 20. Rb1
{[%clk 0:46:30]} h5 {[%clk 0:57:08]} 21. Qd2 {[%clk 0:38:50]} g5 {[%clk 0:54:30]}
22. Red1 {[%clk 0:34:10]} g4 {[%clk 0:54:03]} 23. hxg4 {[%clk 0:33:02]} hxg4
{[%clk 0:54:15]} 24. Nd4 {[%clk 0:31:45]} Qh5 {[%clk 0:53:04]} 25. Nb5 {[%clk
0:30:16]} Kg7 {[%clk 0:52:52]} 26. g3 {[%clk 0:29:30]} Rh8 {[%clk 0:53:02]} 27.
Bg2 {[%clk 0:29:22]} Rac8 {[%clk 0:53:00]} 28. b3 {[%clk 0:27:47]} Rh6 {[%clk
0:52:25]} 29. Qf4 {[%clk 0:22:25]} Be5 {[%clk 0:49:28]} 30. Qe3 {[%clk 0:19:37]}
Rch8 {[%clk 0:49:14]} 31. Kf1 {[%clk 0:16:56]} Nc2 {[%clk 0:46:45]} 32. Qd2
{[%clk 0:14:42]} Nb4 {[%clk 0:46:36]} 33. Be4 {[%clk 0:11:42]} f5 {[%clk
0:45:57]} 34. Bg2 {[%clk 0:11:44]} Qh2 {[%clk 0:45:05]} 35. Qg5+ {[%clk 0:10:40]}
Rg6 {[%clk 0:45:02]} 36. Qxe7+ {[%clk 0:08:58]} Kh6 {[%clk 0:44:59]} 37. Qxb7
{[%clk 0:07:18]} Kg5 {[%clk 0:43:27]} 38. Qe7+ {[%clk 0:06:25]} Rf6 {[%clk
0:43:33]} 39. Nc7 {[%clk 0:04:03]} Kg6 {[%clk 0:43:14]} 40. Ne8 {[%clk 0:03:01]}
Rh7 {[%clk 0:41:05]} 41. Qd8 {[%clk 0:02:07]} Rf8 {[%clk 0:40:53]} 42. Qc8 {[%clk
0:02:09]} Re7 {[%clk 0:40:40]} 43. Qd8 {[%clk 0:00:46]} Rfxe8 {[%clk 0:40:51]}
44. Qxa5 {[%clk 0:01:10]} Bc3 {[%clk 0:38:58]} 45. Rbc1 {[%clk 0:00:35]} Na2
{[%clk 0:38:11]} 46. Qb6 {[%clk 0:00:37]} Nxc1 {[%clk 0:37:48]} 47. Qxd6+ {[%clk
0:00:55]} Kg7 {time[%clk 0:38:01]} 0-1

[Event "Girls U12 Polish Youth Championship"]
[Site "chess24.com"]
[Date "2018.04.30"]
[Round "2"]
[White "Rejniak, Zuzanna"]
[Black "Pudelko, Magdalena"]
[Result "1-0"]
[Board "8"]
[WhiteElo "1458"]
[WhiteCountry "POL"]
[WhiteFideId "21848017"]
[WhiteEloChange "4"]
[BlackElo "1241"]
[BlackCountry "POL"]
[BlackFideId "21839093"]
[BlackEloChange "-4"]

1. e4 {[%clk 1:30:56]} c5 {[%clk 1:30:58]} 2. Nf3 {[%clk 1:31:17]} a6 {[%clk
1:31:27]} 3. c3 {[%clk 1:30:33]} e6 {[%clk 1:31:52]} 4. d4 {[%clk 1:26:57]} d5
{[%clk 1:32:12]} 5. exd5 {[%clk 1:25:25]} exd5 {[%clk 1:32:39]} 6. dxc5 {[%clk
1:16:14]} Bxc5 {[%clk 1:33:05]} 7. Nd4 {[%clk 1:15:21]} Nf6 {[%clk 1:33:06]} 8.
Be3 {[%clk 1:10:24]} O-O {[%clk 1:32:48]} 9. Be2 {[%clk 1:07:01]} Nbd7 {[%clk
1:32:12]} 10. O-O {[%clk 1:05:43]} Ne4 {[%clk 1:32:35]} 11. Nd2 {[%clk 1:03:57]}
Ndf6 {[%clk 1:32:41]} 12. Nxe4 {[%clk 1:01:08]} Nxe4 {[%clk 1:33:07]} 13. Bd3
{[%clk 0:55:12]} Re8 {[%clk 1:32:25]} 14. Qc2 {[%clk 0:46:46]} Bd6 {[%clk
1:31:47]} 15. Rad1 {[%clk 0:32:08]} Bb8 {[%clk 1:31:41]} 16. Nf3 {[%clk 0:25:12]}
Nf6 {[%clk 1:30:39]} 17. Bd4 {[%clk 0:24:33]} h6 {[%clk 1:27:38]} 18. Rfe1 {[%clk
0:23:52]} Be6 {[%clk 1:24:58]} 19. Qb3 {[%clk 0:21:12]} Qc7 {[%clk 1:23:13]} 20.
Bxf6 {[%clk 0:21:14]} gxf6 {[%clk 1:22:51]} 21. Qa4 {[%clk 0:21:34]} b5 {[%clk
1:21:24]} 22. Qh4 {[%clk 0:21:17]} Qf4 {[%clk 1:19:29]} 23. Qxf4 {[%clk 0:20:56]}
Bxf4 {[%clk 1:19:52]} 24. Nd4 {[%clk 0:20:56]} Bg4 {[%clk 1:16:28]} 25. Be2
{[%clk 0:20:44]} Bd7 {[%clk 1:15:17]} 26. Bf3 {[%clk 0:21:04]} Be6 {[%clk
1:12:23]} 27. Ne2 {[%clk 0:20:34]} Bc7 {[%clk 1:10:04]} 28. Bxd5 {[%clk 0:20:51]}
Bxd5 {[%clk 1:09:37]} 29. Rxd5 {[%clk 0:21:17]} Rad8 {[%clk 1:09:18]} 30. Rxd8
{[%clk 0:21:15]} Rxd8 {[%clk 1:09:43]} 31. Nd4 {[%clk 0:21:40]} Bb6 {[%clk
1:07:42]} 32. Nf3 {[%clk 0:21:16]} a5 {[%clk 1:04:07]} 33. g3 {[%clk 0:21:16]}
Rd3 {[%clk 1:03:05]} 34. Kg2 {[%clk 0:21:41]} Kg7 {[%clk 1:01:38]} 35. Re2 {[%clk
0:19:08]} Rd1 {[%clk 1:00:44]} 36. Rd2 {[%clk 0:19:31]} Rb1 {[%clk 0:57:04]} 37.
a3 {[%clk 0:17:08]} a4 {[%clk 0:56:28]} 38. Nd4 {[%clk 0:17:35]} Bxd4 {[%clk
0:56:04]} 39. cxd4 {[%clk 0:18:01]} Kf8 {[%clk 0:55:46]} 40. Kf3 {[%clk 0:18:26]}
Ke7 {[%clk 0:55:43]} 41. d5 {[%clk 0:18:28]} Kd6 {[%clk 0:55:47]} 42. Kg4 {[%clk
0:18:03]} Re1 {[%clk 0:53:12]} 43. f4 {[%clk 0:17:42]} Rc1 {[%clk 0:52:09]} 44.
Kh5 {[%clk 0:18:05]} Rc5 {[%clk 0:52:07]} 45. Kxh6 {[%clk 0:18:26]} Rxd5 {[%clk
0:51:47]} 46. Re2 {[%clk 0:18:29]} Rd1 {[%clk 0:47:37]} 47. Kg7 {[%clk 0:18:27]}
Rh1 {[%clk 0:45:18]} 48. Kxf6 {[%clk 0:18:47]} Kc5 {[%clk 0:45:14]} 49. Kxf7
{[%clk 0:18:45]} Kc4 {[%clk 0:45:32]} 50. f5 {[%clk 0:19:05]} Kb3 {[%clk
0:43:26]} 51. f6 {[%clk 0:19:29]} Rb1 {[%clk 0:43:43]} 52. Kg7 {[%clk 0:19:54]}
Rxb2 {[%clk 0:44:02]} 53. Rxb2+ {[%clk 0:19:46]} Kxb2 {[%clk 0:44:29]} 54. f7
{[%clk 0:20:11]} Kxa3 {[%clk 0:44:49]} 55. f8Q+ {[%clk 0:20:36]} b4 {[%clk
0:45:05]} 56. Qc5 {[%clk 0:21:00]} Kb3 {[%clk 0:45:27]} 57. Qc1 {[%clk 0:21:17]}
a3 {[%clk 0:45:44]} 58. Qb1+ {[%clk 0:21:42]} Ka4 {[%clk 0:46:00]} 59. h4 {[%clk
0:22:06]} b3 {[%clk 0:45:55]} 60. h5 {[%clk 0:22:20]} a2 {[%clk 0:46:14]} 61. Qb2
{[%clk 0:22:45]} Ka5 {[%clk 0:45:49]} 62. h6 {[%clk 0:23:05]} Ka6 {[%clk
0:46:17]} 63. h7 {[%clk 0:23:27]} Ka7 {[%clk 0:46:40]} 64. Qa3+ {[%clk 0:23:39]}
Kb7 {[%clk 0:47:02]} 65. Qxb3+ {[%clk 0:24:04]} Kc6 {[%clk 0:46:58]} 66. Qxa2
{[%clk 0:24:28]} Kc5 {[%clk 0:46:44]} 67. h8R {[%clk 0:24:44]} Kd4 {[%clk
0:47:01]} 68. Rd8+ {[%clk 0:25:00]} Ke5 {[%clk 0:47:28]} 69. Qe2+ {[%clk
0:25:14]} Kf5 {[%clk 0:47:37]} 70. Rd5# {[%clk 0:25:14]} 1-0

[Event "Girls U12 Polish Youth Championship"]
[Site "chess24.com"]
[Date "2018.04.30"]
[Round "2"]
[White "Miranowska, Anna"]
[Black "Janikowska, Wiktoria"]
[Result "1-0"]
[Board "9"]
[WhiteElo "1146"]
[WhiteCountry "POL"]
[WhiteFideId "21847274"]
[WhiteEloChange "16"]
[BlackElo "1369"]
[BlackCountry "POL"]
[BlackFideId "21836388"]
[BlackEloChange "-16"]

1. d4 {[%clk 1:30:59]} Nf6 {[%clk 1:30:51]} 2. Nf3 {[%clk 1:31:24]} g6 {[%clk
1:31:10]} 3. c4 {[%clk 1:31:43]} Bg7 {[%clk 1:31:34]} 4. Nc3 {[%clk 1:31:58]} O-O
{[%clk 1:31:53]} 5. Bg5 {[%clk 1:31:29]} d6 {[%clk 1:32:03]} 6. e3 {[%clk
1:31:50]} c5 {[%clk 1:31:55]} 7. d5 {[%clk 1:32:12]} h6 {[%clk 1:20:03]} 8. Bh4
{[%clk 1:32:30]} Qa5 {[%clk 1:12:44]} 9. Nd2 {[%clk 1:31:46]} Nbd7 {[%clk
1:03:09]} 10. Bd3 {[%clk 1:25:16]} Ne5 {[%clk 0:58:22]} 11. Be2 {[%clk 1:24:07]}
Bf5 {[%clk 0:53:46]} 12. O-O {[%clk 1:21:45]} Qb6 {[%clk 0:45:39]} 13. e4 {[%clk
1:08:15]} Bc8 {[%clk 0:34:10]} 14. Qc2 {[%clk 1:04:37]} g5 {[%clk 0:30:11]} 15.
Bg3 {[%clk 1:04:26]} Ng6 {[%clk 0:29:44]} 16. h3 {[%clk 0:59:21]} h5 {[%clk
0:27:52]} 17. f4 {[%clk 0:47:51]} g4 {[%clk 0:24:05]} 18. hxg4 {[%clk 0:47:31]}
Nxg4 {[%clk 0:22:20]} 19. Bxg4 {[%clk 0:46:01]} Bxg4 {[%clk 0:22:28]} 20. Nf3
{[%clk 0:43:44]} Bxf3 {[%clk 0:21:28]} 21. Rxf3 {[%clk 0:43:32]} h4 {[%clk
0:14:48]} 22. Bh2 {[%clk 0:43:21]} Bd4+ {[%clk 0:14:45]} 23. Kh1 {[%clk 0:43:00]}
Kg7 {[%clk 0:12:18]} 24. Nb5 {[%clk 0:30:14]} Rh8 {[%clk 0:11:01]} 25. Nxd4
{[%clk 0:28:37]} cxd4 {[%clk 0:11:21]} 26. Qd2 {[%clk 0:23:51]} Rh5 {[%clk
0:06:51]} 27. Bg1 {[%clk 0:18:48]} e5 {[%clk 0:05:26]} 28. dxe6 {[%clk 0:16:04]}
f6 {[%clk 0:04:26]} 29. Bxd4 {[%clk 0:13:15]} Qc6 {[%clk 0:04:13]} 30. f5 {[%clk
0:11:28]} Ne7 {[%clk 0:03:51]} 31. Qc3 {[%clk 0:09:18]} Rf8 {[%clk 0:03:47]} 32.
Rf4 {[%clk 0:07:51]} Qc8 {[%clk 0:02:39]} 33. Rg4+ {[%clk 0:07:22]} Kh7 {[%clk
0:02:20]} 34. Bxf6 {[%clk 0:07:02]} Rg8 {[%clk 0:02:29]} 35. Qh3 {[%clk 0:03:54]}
Nc6 {[%clk 0:02:30]} 36. Rxh4 {[%clk 0:04:09]} Rg7 {[%clk 0:01:51]} 37. Rxh5+
{[%clk 0:04:17]} Kg8 {[%clk 0:02:10]} 38. Rh8# {[%clk 0:04:24]} 1-0

[Event "Girls U12 Polish Youth Championship"]
[Site "chess24.com"]
[Date "2018.04.30"]
[Round "2"]
[White "Tokarz, Izabela"]
[Black "Jedrzejewska, Zuzanna"]
[Result "1-0"]
[Board "10"]
[WhiteElo "1337"]
[WhiteCountry "POL"]
[WhiteFideId "21849170"]
[WhiteEloChange "5"]
[BlackElo "1152"]
[BlackCountry "POL"]
[BlackFideId "21833770"]
[BlackEloChange "-5"]

1. d4 {[%clk 1:30:57]} Nf6 {[%clk 1:30:49]} 2. c4 {[%clk 1:31:19]} e6 {[%clk
1:31:11]} 3. Nc3 {[%clk 1:31:41]} d5 {[%clk 1:31:34]} 4. cxd5 {[%clk 1:31:39]}
exd5 {[%clk 1:31:52]} 5. Bg5 {[%clk 1:31:56]} Be7 {[%clk 1:32:06]} 6. Qc2 {[%clk
1:32:04]} O-O {[%clk 1:31:04]} 7. e3 {[%clk 1:30:53]} a6 {[%clk 1:30:55]} 8. Bd3
{[%clk 1:29:55]} Nbd7 {[%clk 1:30:59]} 9. Nf3 {[%clk 1:29:00]} Re8 {[%clk
1:30:37]} 10. O-O {[%clk 1:28:36]} Nf8 {[%clk 1:30:34]} 11. Rab1 {[%clk 1:28:04]}
c6 {[%clk 1:30:30]} 12. b4 {[%clk 1:27:42]} Ne4 {[%clk 1:29:54]} 13. Bxe7 {[%clk
1:19:27]} Qxe7 {[%clk 1:29:59]} 14. Bxe4 {[%clk 1:14:23]} dxe4 {[%clk 1:29:07]}
15. Ne5 {[%clk 1:14:12]} f6 {[%clk 1:24:31]} 16. Nc4 {[%clk 1:13:46]} Bg4 {[%clk
1:21:07]} 17. Ne2 {[%clk 0:46:38]} Ne6 {[%clk 1:06:08]} 18. h3 {[%clk 0:45:46]}
Bh5 {[%clk 1:02:53]} 19. Ng3 {[%clk 0:46:05]} Bg6 {[%clk 1:01:54]} 20. a4 {[%clk
0:45:54]} Qc7 {[%clk 0:55:21]} 21. Qb3 {[%clk 0:45:28]} b5 {[%clk 0:50:48]} 22.
Na5 {[%clk 0:44:32]} Bf7 {[%clk 0:49:58]} 23. Qc2 {[%clk 0:43:25]} Nd8 {[%clk
0:48:41]} 24. Rfc1 {[%clk 0:42:34]} Rc8 {[%clk 0:47:12]} 25. Qd1 {[%clk 0:41:10]}
Qd7 {[%clk 0:46:00]} 26. Rc3 {[%clk 0:38:25]} Nb7 {[%clk 0:45:19]} 27. Nxb7
{[%clk 0:38:18]} Qxb7 {[%clk 0:45:42]} 28. Rbc1 {[%clk 0:38:43]} Bc4 {[%clk
0:44:48]} 29. Qg4 {[%clk 0:37:20]} Bd5 {[%clk 0:43:13]} 30. a5 {[%clk 0:35:37]}
Qe7 {[%clk 0:41:56]} 31. Rc5 {[%clk 0:35:03]} Qb7 {[%clk 0:39:04]} 32. Nf5 {[%clk
0:31:37]} Red8 {[%clk 0:36:36]} 33. Ng3 {[%clk 0:27:56]} Qf7 {[%clk 0:35:11]} 34.
Ne2 {[%clk 0:23:03]} Rb8 {[%clk 0:28:23]} 35. Nc3 {[%clk 0:22:50]} Qe7 {[%clk
0:26:52]} 36. Nxd5 {[%clk 0:21:35]} cxd5 {[%clk 0:25:40]} 37. Rc7 {[%clk
0:21:53]} Qf8 {[%clk 0:25:23]} 38. R1c5 {[%clk 0:21:10]} Kh8 {[%clk 0:23:31]} 39.
Qe6 {[%clk 0:16:47]} Qd6 {[%clk 0:22:07]} 40. Qxd6 {[%clk 0:16:42]} Rxd6 {[%clk
0:22:23]} 41. Rc8+ {[%clk 0:17:08]} Rd8 {[%clk 0:22:32]} 42. Rxb8 {[%clk
0:17:32]} Rxb8 {[%clk 0:22:37]} 43. Rxd5 {[%clk 0:17:55]} Kg8 {[%clk 0:22:29]}
44. Kf1 {[%clk 0:17:46]} Kf7 {[%clk 0:22:35]} 45. Ke2 {[%clk 0:17:58]} Ke6 {[%clk
0:22:17]} 46. Rc5 {[%clk 0:18:21]} Kd6 {[%clk 0:22:25]} 47. f3 {[%clk 0:18:25]}
Re8 {[%clk 0:22:15]} 48. fxe4 {[%clk 0:17:22]} Rxe4 {[%clk 0:22:17]} 49. Kf3
{[%clk 0:17:30]} Re8 {[%clk 0:22:36]} 50. Kf4 {[%clk 0:17:05]} g5+ {[%clk
0:20:43]} 51. Kf3 {[%clk 0:17:16]} h5 {[%clk 0:20:48]} 52. e4 {[%clk 0:16:40]} h4
{[%clk 0:20:20]} 53. d5 {[%clk 0:15:35]} Ke5 {[%clk 0:19:17]} 54. Rc6 {[%clk
0:15:44]} Ra8 {[%clk 0:18:41]} 55. Re6+ {[%clk 0:16:00]} Kd4 {[%clk 0:18:50]} 56.
Rc6 {[%clk 0:14:33]} Ra7 {[%clk 0:18:58]} 57. d6 {[%clk 0:09:51]} Ra8 {[%clk
0:17:28]} 58. d7 {[%clk 0:09:18]} Rd8 {[%clk 0:17:49]} 59. Rxa6 {[%clk 0:09:06]}
Rxd7 {[%clk 0:18:07]} 60. Rc6 {[%clk 0:09:21]} Rf7 {[%clk 0:17:55]} 61. a6 {[%clk
0:08:37]} Rf8 {[%clk 0:18:04]} 62. a7 {[%clk 0:07:26]} Ra8 {[%clk 0:18:17]} 63.
Rc7 {[%clk 0:07:36]} Kd3 {[%clk 0:18:06]} 64. Rc5 {[%clk 0:06:49]} Rxa7 {[%clk
0:18:25]} 65. Rxb5 {[%clk 0:07:14]} Ra3 {[%clk 0:18:23]} 66. Rb6 {[%clk 0:05:55]}
Kd4+ {[%clk 0:18:13]} 67. Kf2 {[%clk 0:06:09]} Kxe4 {[%clk 0:18:26]} 68. Rxf6
{[%clk 0:06:31]} Ra2+ {[%clk 0:18:25]} 69. Kg1 {[%clk 0:06:44]} Rb2 {[%clk
0:18:33]} 70. Rb6 {[%clk 0:06:30]} Kf4 {[%clk 0:18:25]} 71. Rf6+ {[%clk 0:05:50]}
Kg3 {[%clk 0:18:33]} 72. Rf3# {[%clk 0:06:09]} 1-0

[Event "Girls U12 Polish Youth Championship"]
[Site "chess24.com"]
[Date "2018.04.30"]
[Round "2"]
[White "Romejko, Jagoda"]
[Black "Oborska, Magda"]
[Result "0-1"]
[Board "11"]
[WhiteElo "1083"]
[WhiteCountry "POL"]
[WhiteFideId "21836523"]
[WhiteEloChange "-4"]
[BlackElo "1336"]
[BlackCountry "POL"]
[BlackFideId "21852545"]
[BlackEloChange "4"]

1. e4 {[%clk 1:30:57]} e5 {[%clk 1:30:55]} 2. Nf3 {[%clk 1:31:05]} Nf6 {[%clk
1:31:18]} 3. Nxe5 {[%clk 1:25:42]} d6 {[%clk 1:31:33]} 4. Nf3 {[%clk 1:23:46]}
Nxe4 {[%clk 1:31:40]} 5. d3 {[%clk 1:20:12]} Nf6 {[%clk 1:29:46]} 6. Bg5 {[%clk
1:15:39]} Be7 {[%clk 1:28:40]} 7. Be2 {[%clk 1:13:20]} Bg4 {[%clk 1:27:15]} 8.
Nc3 {[%clk 1:10:41]} Nc6 {[%clk 1:26:39]} 9. h3 {[%clk 1:08:19]} Be6 {[%clk
1:25:34]} 10. d4 {[%clk 1:07:15]} d5 {[%clk 1:24:25]} 11. O-O {[%clk 0:59:52]}
O-O {[%clk 1:23:52]} 12. Re1 {[%clk 0:57:01]} h6 {[%clk 1:23:40]} 13. Bf4 {[%clk
0:54:41]} a6 {[%clk 1:22:48]} 14. Qd2 {[%clk 0:53:01]} Ne4 {[%clk 1:20:10]} 15.
Qe3 {[%clk 0:45:36]} Nb4 {[%clk 1:14:00]} 16. Bd3 {[%clk 0:42:40]} c5 {[%clk
0:58:27]} 17. a3 {[%clk 0:36:55]} cxd4 {[%clk 0:50:51]} 18. Nxd4 {[%clk 0:36:38]}
Nxd3 {[%clk 0:40:50]} 19. Qxd3 {[%clk 0:32:59]} Bc5 {[%clk 0:38:41]} 20. Nxe4
{[%clk 0:29:51]} dxe4 {[%clk 0:35:49]} 21. Qxe4 {[%clk 0:28:11]} Qxd4 {[%clk
0:33:57]} 22. Qxd4 {[%clk 0:20:59]} Bxd4 {[%clk 0:33:50]} 23. c3 {[%clk 0:21:20]}
Bb6 {[%clk 0:32:12]} 24. Rac1 {[%clk 0:19:48]} g5 {[%clk 0:31:33]} 25. Be5 {[%clk
0:19:30]} f6 {[%clk 0:29:35]} 26. Bd6 {[%clk 0:19:49]} Rfe8 {[%clk 0:29:39]} 27.
c4 {[%clk 0:19:46]} Rad8 {[%clk 0:26:59]} 28. c5 {[%clk 0:19:53]} Ba7 {[%clk
0:26:45]} 29. b4 {[%clk 0:19:40]} Bf7 {[%clk 0:23:47]} 30. Red1 {[%clk 0:18:50]}
Bb3 {[%clk 0:21:59]} 31. Rd3 {[%clk 0:18:46]} Ba4 {[%clk 0:21:57]} 32. Rf3 {[%clk
0:18:58]} Kg7 {[%clk 0:20:39]} 33. Rg3 {[%clk 0:18:39]} Bb8 {[%clk 0:19:11]} 34.
Rd3 {[%clk 0:15:21]} Re6 {[%clk 0:17:10]} 35. Rc4 {[%clk 0:13:17]} Bb5 {[%clk
0:16:25]} 36. Rcd4 {[%clk 0:13:14]} Bxd3 {[%clk 0:16:27]} 37. Rxd3 {[%clk
0:13:42]} Bxd6 {[%clk 0:16:25]} 38. cxd6 {[%clk 0:14:05]} Rdxd6 {[%clk 0:16:37]}
39. Rc3 {[%clk 0:14:21]} Re7 {[%clk 0:16:46]} 40. Kh2 {[%clk 0:14:15]} h5 {[%clk
0:16:48]} 41. Rc4 {[%clk 0:14:33]} Rd2 {[%clk 0:17:03]} 42. f3 {[%clk 0:14:41]}
b5 {[%clk 0:17:06]} 43. Rc6 {[%clk 0:14:57]} Ree2 {[%clk 0:17:27]} 44. Rc7+
{[%clk 0:15:13]} Kg6 {[%clk 0:17:51]} 45. Rc1 {[%clk 0:15:37]} Rxg2+ {[%clk
0:17:49]} 46. Kh1 {[%clk 0:16:03]} Rh2+ {[%clk 0:17:44]} 47. Kg1 {[%clk 0:16:28]}
Rdg2+ {[%clk 0:17:46]} 48. Kf1 {[%clk 0:16:49]} Rg3 {[%clk 0:17:49]} 49. Ke1
{[%clk 0:16:59]} Rg1# {[%clk 0:18:11]} 0-1

[Event "Girls U12 Polish Youth Championship"]
[Site "chess24.com"]
[Date "2018.04.30"]
[Round "2"]
[White "Bialek, Alicja"]
[Black "Olszewska, Wiktoria"]
[Result "1-0"]
[Board "12"]
[WhiteElo "1315"]
[WhiteCountry "POL"]
[WhiteFideId "21836345"]
[WhiteEloChange "5"]
[BlackElo "1117"]
[BlackCountry "POL"]
[BlackFideId "21836485"]
[BlackEloChange "-5"]

1. f4 {[%clk 1:30:57]} c5 {[%clk 1:29:45]} 2. c4 {[%clk 1:23:58]} Nf6 {[%clk
1:24:02]} 3. b3 {[%clk 1:22:53]} e6 {[%clk 1:20:09]} 4. Bb2 {[%clk 1:22:13]} Be7
{[%clk 1:17:11]} 5. g3 {[%clk 1:17:10]} Nc6 {[%clk 1:15:56]} 6. Bg2 {[%clk
1:16:20]} d5 {[%clk 1:15:05]} 7. Qc1 {[%clk 1:03:21]} b6 {[%clk 1:07:14]} 8. d3
{[%clk 0:53:11]} Bb7 {[%clk 1:04:07]} 9. Nc3 {[%clk 0:43:58]} O-O {[%clk
0:59:44]} 10. h3 {[%clk 0:41:25]} d4 {[%clk 0:55:22]} 11. Ne4 {[%clk 0:40:57]}
Nxe4 {[%clk 0:52:12]} 12. Bxe4 {[%clk 0:40:57]} Na5 {[%clk 0:51:15]} 13. Bxb7
{[%clk 0:40:32]} Nxb7 {[%clk 0:51:35]} 14. Nf3 {[%clk 0:40:11]} Bf6 {[%clk
0:50:59]} 15. h4 {[%clk 0:38:55]} Qc7 {[%clk 0:41:05]} 16. g4 {[%clk 0:35:22]}
Be7 {[%clk 0:36:57]} 17. Rf1 {[%clk 0:34:25]} Bd6 {[%clk 0:35:52]} 18. Ng5 {[%clk
0:33:58]} e5 {[%clk 0:32:57]} 19. f5 {[%clk 0:33:44]} e4 {[%clk 0:26:58]} 20.
Nxe4 {[%clk 0:32:28]} Bg3+ {[%clk 0:26:12]} 21. Kd1 {[%clk 0:32:35]} Bxh4 {[%clk
0:25:29]} 22. Rh1 {[%clk 0:31:18]} Be7 {[%clk 0:21:31]} 23. f6 {[%clk 0:28:45]}
Bxf6 {[%clk 0:11:28]} 24. Nxf6+ {[%clk 0:29:02]} gxf6 {[%clk 0:11:39]} 25. Qh6
{[%clk 0:28:57]} Rfd8 {[%clk 0:10:59]} 26. Qxh7+ {[%clk 0:28:44]} Kf8 {[%clk
0:11:10]} 27. Qe4 {[%clk 0:25:12]} Kg8 {[%clk 0:08:57]} 28. Bc1 {[%clk 0:22:58]}
Nd6 {[%clk 0:06:24]} 29. Qh7+ {[%clk 0:21:20]} Kf8 {[%clk 0:06:44]} 30. Rf1
{[%clk 0:17:23]} Ne8 {[%clk 0:05:16]} 31. Bh6+ {[%clk 0:16:22]} Ke7 {[%clk
0:05:14]} 32. g5 {[%clk 0:15:51]} Qd6 {[%clk 0:01:46]} 33. gxf6+ {[%clk 0:13:56]}
Ke6 {[%clk 0:01:04]} 34. Bf4 {[%clk 0:13:45]} Qc6 {[%clk 0:00:57]} 35. Qh3+
{[%clk 0:13:09]} Kxf6 {[%clk 0:01:04]} 36. Qh6+ {[%clk 0:12:05]} Ke7 {[%clk
0:00:53]} 37. Qxc6 {[%clk 0:12:21]} Rdc8 {[%clk 0:00:51]} 38. Bg5+ {[%clk
0:12:13]} Kf8 {[%clk 0:01:14]} 39. Qh6+ {[%clk 0:12:24]} Kg8 {[%clk 0:01:32]} 40.
Rh1 {[%clk 0:12:18]} f6 {[%clk 0:01:27]} 41. Bxf6 {[%clk 0:12:38]} Nxf6 {[%clk
0:01:50]} 42. Qxf6 {[%clk 0:13:02]} Rf8 {[%clk 0:02:06]} 43. Rh8# {[%clk
0:13:25]} 1-0